Formule 1 : Quiz sur Esteban Ocon - Statistiques

Statistiques générales
  • Ce quiz a été pris 89 fois
    22 depuis la dernière actualisation
  • Le résultat moyen est 15 sur 20
Statistiques - réponses
Question Réponse % Correct
Quel est son numéro permanent en F1 ? 31
100%
Pour quel écurie roule-t-il actuellement ? Haas
100%
Quel pays représente-il ? France
94%
Quel écurie a-t-il rejoint en 2017 ? Force India F1
89%
Lors de quel Grand Prix Esteban Ocon décroche-t-il sa seule victoire en F1 en 2021 ? Grand Prix d'Hongrie
89%
Avec quel autre pilote français Esteban Ocon est-il monté sur le podium du GP du Brésil 2024 ? Pierre Gasly
89%
Qui fut son coéquipier cette année là ? Sergio Perez
89%
Pour quel écurie Esteban Ocon a-t-il été pilote de réserve en 2019 ? Mercedes
83%
De quel region française Esteban Ocon est-il originaire ? Normandie
83%
Qui est son coéquipier actuel ? Oliver Bearman
83%
En quelle année fit-il ses débuts en Formule 1 ? 2016
78%
Dans quelle écurie fit-il ses débuts ? Manor Racing
72%
Combien de podium compte-il aujourd'hui ? 4
67%
Lors de quel Grand Prix Esteban Ocon décroche-t-il son premier podium en 2020 ? Grand Prix de Sakhir
67%
Qui fut son coéquipier à son arrivé ? Daniel Ricciardo
61%
En quelle année rejoint-il Renault F1 Team ? 2020
50%
Quelle pilote a-t-il battu en 2014 en Formule 3 au terme d'une saison très relevé ? Max Verstappen
50%
Qui fut son premier coéquipier en Formule 1 ? Pascal Wehrlein
50%
Quel est son meilleure classement au championnat du monde de Formule 1 ? 8eme
28%
Dans quel discipline Esteban Ocon roule-t-il en 2016 aprés son sacre en GP3 series ? DTM
28%
Aucun quiz correspondant
Distribution des résultats
% des personnes avec chaque résultat
Percentile par nombre de réponses
Votre historique - résultats
Vous n’avez pas pris ce quiz depuis la dernière actualisation